Návrh opatrení na zlepšenie logistických procesov v priemyselnom podniku IMET-AKE s.r.o.

Uložené v:
Podrobná bibliografia
Hlavný autor: Poličková, Katarína (Autor)
Ďalší autori: Fidlerová, Helena (Vedúci práce)
Médium: Rukopis Kniha
Jazyk:Slovak
Vydavateľské údaje: 2017
Predmet:
On-line prístup:http://is.stuba.sk/zp/portal_zp.pl?podrobnosti=115242
Tagy: Pridať tag
Žiadne tagy, Buďte prvý, kto otaguje tento záznam!

MARC

LEADER 00000ntm a22000003a 4500
001 stuzp62144
003 SK-STU
005 20170624211339.4
007 ta
008 150427s2015----xo-----f-mn---000-0-slo-d
040 |a STU  |b slo 
041 0 |a slo 
100 1 |a Poličková, Katarína  |u 064000  |4 aut  |U MTF Materiálovotechnologická fakulta  |T MTF Ústav priemyselného inžinierstva a manažmentu  |X 73550  |U M4000  |Y 84  |7 73550 
242 0 1 |a Measures proposal for improving the logistics system in an industrial enterprise IMET AKE, s.r.o  |y eng 
245 1 0 |a Návrh opatrení na zlepšenie logistických procesov v priemyselnom podniku IMET-AKE s.r.o. 
260 |c 2017 
650 4 |a logistický proces  |2 slo 
650 4 |a mobilná nakladacia rampa  |2 slo 
650 4 |a logistika  |2 slo 
650 4 |a logistic processes  |2 eng 
650 4 |a logistics  |2 eng 
650 4 |a mobile loading ramp  |2 eng 
700 1 |a Fidlerová, Helena  |u 064000  |k Z2  |4 ths  |U MTF Materiálovotechnologická fakulta  |T MTF Ústav priemyselného inžinierstva a manažmentu  |X 3662  |U M4000  |Y 84  |7 A000003662 
856 4 |u http://is.stuba.sk/zp/portal_zp.pl?podrobnosti=115242 
996 |c M* BP-7985  |l MMSKP  |s P  |a 0  |w stuzp62144_0001